000 00723nam a2200265Ia 4500
005 20260121171316.0
008 008 260114s9999 xx 000 0 eng d
020 _a9789811390128
037 _aEBOOK
040 _aCRL
040 _beng
040 _cCRL
041 _2eng
041 _aeng
084 _qCRL
100 _aAshwani K. Gupta, Ashoke De, Suresh K. Aggarwal, Abhijit Kushari, Akshai Runchal
_91074622
245 0 _aInnovations in Sustainable Energy and Cleaner Environment
260 _bSpringer
260 _bSpringer
260 _c2020
856 _uhttps://link.springer.com/openurl?genre=book&isbn=978-981-13-9012-8
942 _cEBOOK
999 _c1640352
_d1640352